[Event "Foment Martinenc op-C 17th"]
[Site "Barcelona"]
[Date "2015.05.16"]
[Round "4"]
[White "Cano Rillo, Ricard"]
[Black "Marti Pujadas, Oriol"]
[Result "0-1"]
[WhiteElo "1754"]
[BlackElo "1641"]
[PlyCount "154"]
[EventDate "2015.04.25"]
[EventType "swiss"]
[EventRounds "9"]
[EventCountry "ESP"]
[SourceTitle "EXT 2017"]
[Source "ChessBase"]
[SourceDate "2016.10.25"]
[SourceVersion "1"]
[SourceVersionDate "2016.10.25"]
[SourceQuality "1"]

1. e4 e5 2. Nc3 Nf6 3. Bc4 Nc6 4. Nf3 Bb4 5. a3 Bxc3 6. bxc3 Nxe4 7. Qe2 Nf6 8. Nxe5 Nxe5 9. Qxe5+ Qe7 10. d4 d6 11. Qxe7+ Kxe7 12. 0-0 Re8 13. Re1+ Kf8 14. Bf4 Bf5 15. Re2 Rxe2 16. Bxe2 Bxc2 17. Rc1 Bg6 18. Re1 Re8 19. c4 c5 20. Bxd6+ Kg8 21. Bxc5 b6 22. Bd6 Ne4 23. Be5 f6 24. Bc7 Nc3 25. Kf1 Nxe2 26. Rxe2 Bd3 27. d5 Bxe2+ 28. Ke1 Bxc4+ 29. Kd2 Bxd5 30. g4 Bf3 31. h3 Re2+ 32. Kd3 Rxf2 33. Ke3 Rf1 34. Bb8 Bd5 35. Bxa7 Rf3+ 36. Kd4 Bf7 37. Bxb6 Rxh3 38. a4 Ra3 39. a5 Ra4+ 40. Kc5 Rc4+ 41. Kb5 Rc8 42. a6 Be8+ 43. Ka5 Bc6 44. a7 h5 45. gxh5 f5 46. Ka6 Ra8 47. Bc7 Bd5 48. Bf4 Kh7 49. Kb6 g6 50. h6 Bf3 51. Ka6 g5 52. Bxg5 Kg6 53. Kb6 Kxg5 54. h7 Kg6 55. h8Q Rxh8 56. Kc7 Ra8 57. Kb6 Be4 58. Kc5 Rxa7 59. Kd4 Bg2 60. Ke3 Rf7 61. Kf4 Bc6 62. Ke5 f4 63. Kd6 f3 64. Kxc6 f2 65. Kd5 f1Q 66. Ke5 Qe1+ 67. Kd6 Qe7+ 68. Kd5 Rf5+ 69. Kd4 Qd7+ 70. Ke4 Qd5+ 71. Ke3 Re5+ 72. Kf4 Qe4+ 73. Kg3 Qe3+ 74. Kg4 Qe4+ 75. Kg3 Rg5+ 76. Kh3 Qf3+ 77. Kh4 Qg4# 0-1

[Event "Foment Martinenc op-C 17th"]
[Site "Barcelona"]
[Date "2015.05.02"]
[Round "2"]
[White "Marti Pujadas, Oriol"]
[Black "Bienvenido Kleque, Jose"]
[Result "1/2-1/2"]
[WhiteElo "1641"]
[BlackElo "1716"]
[PlyCount "52"]
[EventDate "2015.04.25"]
[EventType "swiss"]
[EventRounds "9"]
[EventCountry "ESP"]
[SourceTitle "EXT 2017"]
[Source "ChessBase"]
[SourceDate "2016.10.25"]
[SourceVersion "1"]
[SourceVersionDate "2016.10.25"]
[SourceQuality "1"]

1. e4 c5 2. Bb5 a6 3. Bc4 d6 4. Nf3 Nc6 5. Nc3 e6 6. 0-0 Nf6 7. d3 Be7 8. Bg5 Qc7 9. Qd2 Na5 10. Rfe1 Nxc4 11. dxc4 0-0 12. Qf4 Rd8 13. Qg3 b6 14. Bh6 g6 15. Ne2 Nxe4 16. Qf4 Nf6 17. Qg3 Bb7 18. Ng5 Ne4 19. Nxe4 Bxe4 20. Nf4 Bb7 21. Nh5 Rac8 22. Qc3 e5 23. Nf4 Bf6 24. Nh3 Qc6 25. f3 Re8 26. Be3 Bg7 1/2-1/2

[Event "Foment Martinenc op-C 16th"]
[Site "Barcelona"]
[Date "2014.06.21"]
[Round "9"]
[White "Marti Pujadas, Oriol"]
[Black "Padin Jimenez, Oriol"]
[Result "1-0"]
[WhiteElo "1700"]
[BlackElo "1725"]
[PlyCount "85"]
[EventDate "2014.04.26"]
[EventType "swiss"]
[EventRounds "9"]
[EventCountry "ESP"]
[SourceTitle "EXT 2015"]
[Source "ChessBase"]
[SourceDate "2014.11.20"]
[SourceVersion "1"]
[SourceVersionDate "2014.11.20"]
[SourceQuality "1"]

1. e4 e5 2. Nf3 Nf6 3. Nc3 Nc6 4. Bb5 Bc5 5. Bxc6 dxc6 6. Nxe5 Bd6 7. Nf3 0-0 8. 0-0 Bg4 9. d4 c5 10. e5 Be7 11. exf6 Bxf6 12. dxc5 Be5 13. Qxd8 Raxd8 14. Nxe5 Bf5 15. c6 bxc6 16. Nxc6 Rd2 17. Bxd2 Bxc2 18. Rae1 h6 19. Ne7+ Kh7 20. Ncd5 Bd3 21. Nf4 Bxf1 22. Kxf1 Rd8 23. Bc3 g5 24. Nh5 Rd6 25. Nf6+ Rxf6 26. Bxf6 a5 27. g3 h5 28. Kg1 h4 29. gxh4 gxh4 30. Bxh4 Kg7 31. f4 f6 32. Re6 Kf7 33. Re3 c5 34. Kg2 c4 35. Be1 a4 36. h4 a3 37. bxa3 c3 38. Bxc3 f5 39. h5 Kf8 40. h6 Kf7 41. h7 Kf8 42. h8Q+ Kf7 43. Qg8# 1-0

[Event "Foment Martinenc op-C 16th"]
[Site "Barcelona"]
[Date "2014.04.26"]
[Round "1"]
[White "Pascual Duran, Pau"]
[Black "Marti Pujadas, Oriol"]
[Result "1-0"]
[WhiteElo "1744"]
[BlackElo "1700"]
[PlyCount "49"]
[EventDate "2014.04.26"]
[EventType "swiss"]
[EventRounds "9"]
[EventCountry "ESP"]
[SourceTitle "EXT 2015"]
[Source "ChessBase"]
[SourceDate "2014.11.20"]
[SourceVersion "1"]
[SourceVersionDate "2014.11.20"]
[SourceQuality "1"]

1. e4 e5 2. Nf3 Nc6 3. Bb5 Nf6 4. 0-0 Bc5 5. Re1 0-0 6. c3 d5 7. Bxc6 bxc6 8. Nxe5 Qd6 9. exd5 cxd5 10. d4 Bb6 11. Bf4 Ng4 12. Nd3 Qg6 13. h3 Nxf2 14. Nxf2 Bf5 15. Re3 Rfe8 16. Rg3 Qe6 17. Nd2 Qf6 18. Qh5 g6 19. Nf3 Re2 20. Be5 Qe6 21. Qh6 Rxe5 22. Ng5 Qf6 23. dxe5 Qxe5 24. Qxh7+ Kf8 25. Qxf7# 1-0

[Event "Foment Martinenc op-B 15th"]
[Site "Barcelona"]
[Date "2013.06.15"]
[Round "9"]
[White "Marti Pujadas, Oriol"]
[Black "Domenech Lopez, Laura"]
[Result "1-0"]
[WhiteElo "1743"]
[BlackElo "1700"]
[PlyCount "107"]
[EventDate "2013.04.20"]
[EventType "swiss"]
[EventRounds "9"]
[EventCountry "ESP"]
[SourceTitle "CBM 154 Extra"]
[Source "ChessBase"]
[SourceDate "2013.06.25"]
[SourceVersion "2"]
[SourceVersionDate "2013.06.25"]
[SourceQuality "1"]

1. e3 e5 2. d4 exd4 3. exd4 Qe7+ 4. Ne2 d5 5. Nbc3 Nf6 6. Bf4 g6 7. Nb5 Qb4+ 8. Nec3 Na6 9. a3 Qa5 10. b4 Qb6 11. Bd3 c6 12. Nd6+ Bxd6 13. Bxd6 Qd8 14. Be5 0-0 15. 0-0 Bf5 16. Bxf5 gxf5 17. Qf3 Kh8 18. Ne2 Rg8 19. Ng3 Rg6 20. Qxf5 Qe7 21. Nh5 Rag8 22. Bxf6+ Rxf6 23. Nxf6 Rg6 24. Qc8+ Kg7 25. Nh5+ Kh6 26. Nf4 Rg5 27. Qh3+ Kg7 28. Rae1 Qc7 29. Re6 Qxf4 30. Qh6+ Kh8 31. Qf8+ Rg8 32. Qe7 Qg4 33. Qf6+ Qg7 34. Qxg7+ Kxg7 35. Re3 Nc7 36. Rg3+ Kf8 37. Rxg8+ Kxg8 38. Re1 Ne6 39. h4 Nxd4 40. g4 Nxc2 41. Re8+ Kg7 42. h5 Kf6 43. Rh8 Kg5 44. Rxh7 Kxg4 45. Kg2 d4 46. f3+ Kh4 47. h6 Ne3+ 48. Kf2 Nd1+ 49. Ke1 Ne3 50. Rxf7 d3 51. h7 Ng2+ 52. Kf2 Nf4 53. Rxf4+ Kh3 54. h8Q# 1-0

[Event "Foment Martinenc op-B 15th"]
[Site "Barcelona"]
[Date "2013.05.25"]
[Round "6"]
[White "Gil Reyes, Aitor"]
[Black "Marti Pujadas, Oriol"]
[Result "1-0"]
[WhiteElo "1700"]
[BlackElo "1743"]
[PlyCount "137"]
[EventDate "2013.04.20"]
[EventType "swiss"]
[EventRounds "9"]
[EventCountry "ESP"]
[SourceTitle "CBM 154 Extra"]
[Source "ChessBase"]
[SourceDate "2013.06.25"]
[SourceVersion "2"]
[SourceVersionDate "2013.06.25"]
[SourceQuality "1"]

1. e4 e5 2. Nf3 Nc6 3. Bc4 Nf6 4. Ng5 d5 5. exd5 Nxd5 6. d3 Be7 7. Nf3 Nf4 8. Bxf4 exf4 9. Nbd2 0-0 10. Qe2 Re8 11. Ne4 Bd6 12. 0-0-0 Nb4 13. Rhe1 a6 14. Qd2 Be7 15. Qxf4 Be6 16. Bxe6 fxe6 17. Neg5 Nxa2+ 18. Kb1 Rf8 19. Qe3 Qd7 20. Nxe6 Qa4 21. Nxf8 Bf6 22. Qe6+ Kh8 23. Qxa2 Qb5 24. b3 Rxf8 25. Qa3 Rg8 26. c4 Qf5 27. Re3 Bc3 28. Kc2 Qf6 29. Qe7 Qc6 30. Ng5 h6 31. Nf7+ Kh7 32. Qe4+ Qxe4 33. Rxe4 Rf8 34. Kxc3 Rxf7 35. f4 b5 36. cxb5 axb5 37. b4 Rf8 38. g4 Ra8 39. Kd4 Rd8+ 40. Kc5 Rc8 41. Kxb5 Rb8+ 42. Kc4 Rb6 43. Re7 Rc6+ 44. Kb3 Kg6 45. b5 Rb6 46. Kb4 c6 47. Re5 Kf6 48. Rc5 cxb5 49. Rxb5 Rxb5+ 50. Kxb5 g6 51. h4 Ke6 52. g5 hxg5 53. fxg5 Kf5 54. Rg1 Kf4 55. d4 Ke4 56. Kc5 Kf3 57. d5 Kf2 58. Rb1 Kg3 59. Rb6 Kxh4 60. Rxg6 Kh5 61. Re6 Kxg5 62. d6 Kf5 63. Kd5 Kf4 64. d7 Kf5 65. d8Q Kf4 66. Qf8+ Kg5 67. Ke5 Kg4 68. Rg6+ Kh5 69. Qh6# 1-0

[Event "Foment Martinenc op-B 15th"]
[Site "Barcelona"]
[Date "2013.05.11"]
[Round "4"]
[White "Marti Pujadas, Oriol"]
[Black "Jin, Quijun"]
[Result "0-1"]
[WhiteElo "1743"]
[BlackElo "1700"]
[PlyCount "86"]
[EventDate "2013.04.20"]
[EventType "swiss"]
[EventRounds "9"]
[EventCountry "ESP"]
[SourceTitle "CBM 154 Extra"]
[Source "ChessBase"]
[SourceDate "2013.06.25"]
[SourceVersion "2"]
[SourceVersionDate "2013.06.25"]
[SourceQuality "1"]

1. e4 c5 2. Nc3 g6 3. Nf3 Bg7 4. Bc4 Nc6 5. d3 Nf6 6. 0-0 0-0 7. Nd5 e6 8. Nxf6+ Bxf6 9. Bh6 Re8 10. c3 d5 11. exd5 exd5 12. Bb5 Bd7 13. Re1 Qb6 14. Rxe8+ Rxe8 15. c4 d4 16. Qd2 a6 17. Qf4 Bg7 18. Bxg7 Kxg7 19. Ng5 Rf8 20. Ne4 axb5 21. Qf6+ Kg8 22. Qg5 Bf5 23. Nf6+ Kg7 24. Nh5+ Kg8 25. Qg3 bxc4 26. dxc4 Qxb2 27. Nf6+ Kh8 28. Re1 d3 29. Qh4 h5 30. Qg5 Kg7 31. Nxh5+ Kg8 32. Nf6+ Kg7 33. Qh4 Qxf6 34. Qg3 Nd4 35. h3 Ne2+ 36. Rxe2 dxe2 37. f3 Qa1+ 38. Kh2 e1Q 39. Qxe1 Qxe1 40. g4 Bxg4 41. fxg4 Qf2+ 42. Kh1 Rd8 43. h4 Rd1# 0-1